00643nam a2200157 a 450000100100000000500170001000800410002704000250006824500960009326000400018930000200022971001050024904900090035495201050036399900170046800003075020250607073643.0110527s19uu dr 000 0 spa d aDO-SdBNPbspacBNPHU00aPlan de acción :bprevención, antención e integración social de los discapacitados. a[Santo Domingo] :bSESPAS,c[199?]. a16 p. ;c22 cm.1 aRepública Dominicana. b Secretaria de Estado de Salud Pública y Asistencia Social (2001)956549 aBNPD 0010718PDaPDbPDcCTd2011-05-27iLF1l0o p30750-10r2020-06-25w2020-06-25yLFPDZNo se presta c30242d30242